What Movie? Back to the Camera XVIII Quiz Stats

 Plays Quiz Updated Nov 29, 2017

Score 0/25 Timer 08:00
9 Plays Today
% Correct
Mary Poppins
96.4%
The Incredibles
89.6%
Star Trek
89.1%
Iron Man
86.8%
Pitch Perfect
77%
American Pie
74.5%
The Curious Case of Benjamin Button
71.4%
Blood Diamond
69.7%
The Day After Tomorrow
65.9%
The Terminal
64.9%
Dallas Buyers Club
64.8%
Psycho
57.8%
Fantastic Beasts and Where to Find Them
56.7%
% Correct
Indiana Jones and the Temple of Doom
49.5%
Cliffhanger
47.3%
The Girl with the Dragon Tattoo
45.4%
Horrible Bosses
45%
Collateral
41.9%
National Treasure
38.9%
Mr. & Mrs. Smith
38%
Split
29.3%
Lock, Stock and Two Smoking Barrels
28%
Divergent
24.5%
City of God
23.2%
Butch Cassidy and the Sundance Kid
22.9%

You're not logged in!

Compare scores with friends on all Sporcle quizzes.
OR
Log In

You Might Also Like...

Show Comments

Extras

Top Quizzes Today


Score Distribution

Your Account Isn't Verified!

In order to create a playlist on Sporcle, you need to verify the email address you used during registration. Go to your Sporcle Settings to finish the process.

Report this User

Report this user for behavior that violates our Community Guidelines.

Details: